000 00767nam a2200265 a 4500
001 43933
003 BD-RjUL
005 20211209053755.0
008 160629s1967 enk b 001 0 eng
035 _a(BD-RjUL)44051
035 _a(OCoLC)390721
040 _aDLC
_cODaWU
_dUk
_dOCoLC
_dBD-RjUL
_beng
041 _aeng
082 _223
_a330.94
_bWRE 1967
100 1 _aWright, Frank Joseph.
_d1919-
_9134976
245 1 4 _aThe evolution of modern industrial organisation /
250 _a3rd ed.
260 _aLondon :
_bMacdonald & Evans,
_c1967.
300 _aviii, 205 p. ;
_c21 cm.
504 _aBibliography: p. 192-194.
650 0 _aEconomic history.
_9134977
650 0 _aIndustrial organization
_9131383
942 _2ddc
_cBK
999 _c43933
_d43933